000
00309 a2200121 4500
001
126514
020
_a
9788576757832
040
_c
Escola Canadense de Niteroi
245
1
0
_a
Para Viver Juntos: Português - 8º ano Guia Didático
490
0
_a
Para viver juntos
650
4
_a
Língua Portuguesa
942
_c
BK
999
_c
126514
_d
126514